[Event "ch-SWE"]
[Site "Orebro SWE"]
[Date "2000.07.02"]
[Round "1"]
[White "Agrest,E"]
[Black "Wedberg,T"]
[Result "1/2-1/2"]
[WhiteElo "2554"]
[BlackElo "2473"]
[Annotator ""]

1.d4 Nf6 2.c4 e6 3.Nc3 Bb4 4.Qc2 O-O 5.a3 Bxc3+ 6.Qxc3 b6 7.Bg5
Bb7 8.e3 h6 9.Bh4 d6 10.f3 Nbd7 11.Nh3 c5 12.dxc5 bxc5 13.Be2
Qb6 14.O-O a5 15.Rfd1 Rfc8 16.Rd2 Rc6 17.Bg3 Qc7 18.Rad1 e5 19.Nf2
Rb6 20.Qc2 Rb8 21.Rb1 Ba6 22.Nd1 d5 23.cxd5 Bxe2 24.Rxe2 Nxd5
25.Be1 Rb3 26.Rc1 a4 27.Bf2 N5b6 28.Nc3 c4 29.Ne4 Nc5 30.Nxc5 1/2-1/2

[Event "ch-SWE"]
[Site "Orebro SWE"]
[Date "2000.07.02"]
[Round "1"]
[White "Cramling,P"]
[Black "Vernersson,P"]
[Result "1/2-1/2"]
[WhiteElo "2484"]
[BlackElo "2374"]
[Annotator ""]

1.d4 d5 2.Nf3 c5 3.c4 cxd4 4.cxd5 Nf6 5.Qxd4 Qxd5 6.Nc3 Qxd4
7.Nxd4 a6 8.Bg5 e6 9.g3 Bb4 10.Bg2 Nbd7 11.O-O h6 12.Bd2 Ke7
13.a3 Bc5 14.Nb3 Bd6 15.Na5 Rb8 16.Rfd1 Rd8 17.h3 g5 18.Be3 Bc5
19.Bxc5+ Nxc5 20.b4 Rxd1+ 21.Rxd1 Ncd7 22.f4 Nh5 23.fxg5 hxg5
24.Ne4 f5 25.Nxg5 Nxg3 26.Kf2 Nh5 27.e4 Nf4 28.Bh1 Ne5 29.exf5
exf5 30.Ke3 Nfg6 31.Re1 Kd6 32.Rd1+ Kc7 33.Rc1+ Kd6 34.Rd1+ Ke7 1/2-1/2

[Event "ch-SWE"]
[Site "Orebro SWE"]
[Date "2000.07.02"]
[Round "1"]
[White "Ernst,T"]
[Black "Hillarp Persson,T"]
[Result "0-1"]
[WhiteElo "2409"]
[BlackElo "2549"]
[Annotator ""]

1.e4 e6 2.d4 d5 3.Nc3 Bb4 4.e5 c5 5.a3 Bxc3+ 6.bxc3 Ne7 7.Qg4
O-O 8.Bd3 Nbc6 9.Qh5 Ng6 10.Nf3 Qc7 11.Be3 c4 12.Bxg6 fxg6 13.Qg4
Bd7 14.h4 Rf5 15.h5 gxh5 16.Rxh5 Raf8 17.Kd2 Be8 18.Rh2 Qb6 19.Kc1
Qa5 20.Kd2 Qb6 21.Kc1 Qa5 22.Kd2 Bg6 23.Rb1 Qa4 24.Rc1 Qxa3 25.Qg3
Rxf3 26.gxf3 b5 27.Rh4 b4 28.cxb4 Nxb4 29.Rg4 Nxc2 0-1

[Event "ch-SWE"]
[Site "Orebro SWE"]
[Date "2000.07.02"]
[Round "1"]
[White "Gruvaeus,C"]
[Black "Akesson,R"]
[Result "0-1"]
[WhiteElo "2245"]
[BlackElo "2486"]
[Annotator ""]

1.d4 Nf6 2.c4 e6 3.Nf3 b6 4.g3 Ba6 5.b3 d5 6.Bg2 Bb4+ 7.Bd2 Bd6
8.Qc2 Nbd7 9.O-O O-O 10.Bg5 h6 11.Bxf6 Nxf6 12.Nbd2 c5 13.e4
dxe4 14.Nxe4 Nxe4 15.Qxe4 Qc7 16.dxc5 bxc5 17.Rfe1 Rad8 18.Rad1
Bb7 19.Qe2 a5 20.Rd3 Bc6 21.Red1 a4 22.Nd2 Bxg2 23.Kxg2 Be7 24.Ne4
Rxd3 25.Rxd3 Rb8 26.Qd1 Qe5 27.Nc3 axb3 28.axb3 Bf6 29.Nb5 Ra8
30.Re3 Qb8 31.Qd7 Ra2 32.Rf3 Qa8 33.b4 cxb4 34.c5 Rc2 35.Nd6
Rc3 36.Nb7 Rxf3 37.Kxf3 b3 38.c6 b2 39.Qd3 Be5 40.Qb5 Qa2 0-1

[Event "ch-SWE"]
[Site "Orebro SWE"]
[Date "2000.07.02"]
[Round "1"]
[White "Hector,J"]
[Black "Barkhagen,J"]
[Result "1/2-1/2"]
[WhiteElo "2509"]
[BlackElo "2449"]
[Annotator ""]

1.e4 e5 2.Nf3 Nc6 3.d4 exd4 4.Nxd4 Nf6 5.Nxc6 bxc6 6.e5 Qe7 7.Qe2
Nd5 8.c4 Nb6 9.Nc3 Qe6 10.Qe4 Ba6 11.b3 Bb4 12.Bd2 Bxc3 13.Bxc3
d5 14.Qh4 dxc4 15.Be2 O-O 16.O-O f5 17.Rac1 Rad8 18.Rfe1 h6 19.bxc4
c5 20.Qf4 Bxc4 21.Bxc4 Nxc4 22.Ba1 Nb6 23.Rxc5 c6 24.Qc1 Rc8
25.Ra5 Rf7 26.Rd1 Rd7 27.Rxd7 Qxd7 28.e6 Qxe6 29.Rxa7 Nd7 30.h3
Re8 31.Bc3 Re7 32.Qf4 Kf7 33.g4 Qe4 34.Qxe4 fxe4 35.Kf1 g6 36.Rc7
c5 37.Ke2 Nb6 38.Rxc5 Na4 39.Rc6 Nxc3+ 40.Rxc3 Ra7 41.a3 Kf6
42.h4 Ke5 43.Ke3 Ra5 44.Rb3 Ra6 45.Rb5+ Kf6 46.Kxe4 Ra4+ 47.Rb4
Rxa3 48.Rb6+ Kg7 49.f4 Ra5 50.Rb7+ Kg8 51.Rd7 Rb5 52.Rd5 Rb7
53.h5 gxh5 54.Rxh5 Rb4+ 55.Kf3 Rb3+ 56.Kg2 Rb4 57.Kg3 Rb3+ 58.Kh4
Rf3 59.f5 Kg7 60.g5 hxg5+ 1/2-1/2

[Event "ch-SWE"]
[Site "Orebro SWE"]
[Date "2000.07.02"]
[Round "1"]
[White "Hellsten,J"]
[Black "Brynell,S"]
[Result "1/2-1/2"]
[WhiteElo "2470"]
[BlackElo "2484"]
[Annotator ""]

1.d4 Nf6 2.c4 e6 3.Nf3 b6 4.g3 Ba6 5.Nbd2 c5 6.Bg2 Nc6 7.dxc5
bxc5 8.O-O Be7 9.Qa4 Qa5 10.Qxa5 Nxa5 11.b3 Bb7 12.Bb2 d6 13.Rad1
O-O 14.Ne1 Bxg2 15.Nxg2 Rfd8 16.Nf4 Nc6 17.Bxf6 Bxf6 18.Ne4 Be7
19.h4 Rac8 20.Rd2 Ne5 21.Rfd1 Rc6 22.Kg2 Ng4 23.Nd3 f5 24.Nc3
a6 25.Nf4 Kf7 26.Rc2 Bf6 27.Re1 Be5 28.Nh3 h6 29.e4 1/2-1/2

[Event "ch-SWE"]
[Site "Orebro SWE"]
[Date "2000.07.02"]
[Round "1"]
[White "Ingbrandt,J"]
[Black "Rylander,D"]
[Result "1-0"]
[WhiteElo "2402"]
[BlackElo "2223"]
[Annotator ""]

1.d4 d5 2.Nf3 Nf6 3.c4 c6 4.Nc3 dxc4 5.e3 b5 6.a4 b4 7.Nb1 Ba6
8.Be2 e6 9.O-O Be7 10.Nbd2 O-O 11.Bxc4 c5 12.b3 cxd4 13.Nxd4
Bb7 14.Bb2 Nd5 15.Rc1 Nd7 16.Bxd5 Bxd5 17.Nc6 Bxc6 18.Rxc6 Bf6
19.Nc4 Bxb2 20.Rd6 Qf6 21.Rxd7 Rad8 22.h3 h6 23.Qd6 Rxd7 24.Qxd7
Qc3 25.Rb1 Ba3 26.Kf1 Qc2 27.Qd1 Qe4 28.Ra1 Rb8 29.Qd6 Rc8 30.Rd1
Qf5 31.Qd3 Qf6 32.Qd4 Qg6 33.Qxa7 Qc2 34.Qd7 Rxc4 35.Qd8+ Kh7
36.bxc4 Qxa4 37.Qd3+ Kh8 38.Rb1 Qc6 39.Qd4 Kh7 40.Kg1 g6 41.h4
e5 42.Qd5 Qf6 43.c5 1-0

[Event "ch-SWE"]
[Site "Orebro SWE"]
[Date "2000.07.03"]
[Round "2"]
[White "Barkhagen,J"]
[Black "Cramling,P"]
[Result "1/2-1/2"]
[WhiteElo "2449"]
[BlackElo "2484"]
[Annotator ""]

1.d4 Nf6 2.Nf3 d5 3.c4 c6 4.cxd5 cxd5 5.Nc3 Nc6 6.Bf4 Ne4 7.e3
Nxc3 8.bxc3 g6 9.Bb5 Bg7 10.Ne5 Bxe5 11.Bxe5 O-O 12.Bxc6 bxc6
13.Qa4 Qb6 14.O-O Bf5 15.Rfd1 c5 16.c4 dxc4 17.Qxc4 cxd4 18.Qxd4 1/2-1/2

[Event "ch-SWE"]
[Site "Orebro SWE"]
[Date "2000.07.03"]
[Round "2"]
[White "Ernst,T"]
[Black "Agrest,E"]
[Result "1-0"]
[WhiteElo "2409"]
[BlackElo "2554"]
[Annotator ""]

1.e4 c5 2.Nf3 d6 3.d4 Nf6 4.Nc3 cxd4 5.Nxd4 a6 6.Be3 e6 7.Qd2
b5 8.f3 Nbd7 9.g4 h6 10.O-O-O Bb7 11.h4 b4 12.Na4 Qa5 13.b3 Nc5
14.a3 Rc8 15.Qxb4 Qc7 16.Nxc5 dxc5 17.Qa4+ Nd7 18.Ne2 c4 19.Bf4
Qc6 20.Qxc6 Bxa3+ 21.Kb1 Rxc6 22.Nd4 Rc8 23.Bxc4 e5 24.Nf5 Rxc4
25.Nxg7+ Kd8 26.Bxe5 Rc6 27.Ne6+ Rxe6 28.Bxh8 Ke7 29.g5 h5 30.Rd3
Bd6 31.Rhd1 Bc6 32.Bc3 Bg3 33.Bb4+ Ke8 34.Bd6 Bxd6 35.Rxd6 Ke7
36.Rxe6+ Kxe6 37.Rd4 Ke5 38.Rc4 Bb5 39.Rc7 Kd6 40.Rc8 Ne5 41.Rh8
Nxf3 42.Rxh5 Bd7 43.Kb2 Bg4 44.Rh6+ Be6 45.Kc3 Ke5 46.b4 Kd6
47.Kd3 Ke7 48.Ke3 Ne5 49.Rh7 Bd7 50.h5 Kf8 51.Rh8+ Kg7 52.Ra8
Bb5 53.Kf4 Nc6 54.c3 Be2 55.Rc8 Na7 56.h6+ Kh7 57.Rc7 Nb5 58.Rxf7+
Kg8 59.g6 1-0

[Event "ch-SWE"]
[Site "Orebro SWE"]
[Date "2000.07.03"]
[Round "2"]
[White "Hillarp Persson,T"]
[Black "Rylander,D"]
[Result "1/2-1/2"]
[WhiteElo "2549"]
[BlackElo "2223"]
[Annotator ""]

1.d4 f5 2.Nc3 d5 3.Bg5 g6 4.e3 Bg7 5.h4 Be6 6.Nf3 Nf6 7.Ne2 Nbd7
8.Nf4 Bf7 9.c4 c6 10.Bxf6 Nxf6 11.cxd5 Qa5+ 12.Qd2 Qxd2+ 13.Kxd2
Nxd5 14.Nd3 O-O 15.Nde5 Bxe5 16.Nxe5 Be6 17.Bc4 Nc7 18.Rac1 Rad8
19.Ke2 Bd5 20.a4 Kg7 21.Bxd5 Rxd5 22.Rc3 Ne6 23.Nd3 Rfd8 24.g3
R8d7 25.Rc4 h6 26.Rhc1 R5d6 27.Ne5 Rc7 28.R1c3 Rd5 29.f4 Nd8
30.b4 a6 31.Rc5 Ne6 32.R5c4 Nd8 33.g4 fxg4 34.Nxg4 Rh5 35.Ne5
Rxh4 36.b5 axb5 37.axb5 g5 38.fxg5 hxg5 39.Kf3 Nf7 40.Nxf7 Kxf7
41.bxc6 Rxc6 42.Rxc6 bxc6 43.Rxc6 e6 44.e4 Rh3+ 45.Kf2 Rh4 46.Ke3
Rh3+ 47.Kf2 Rh4 48.Rc7+ Kg6 49.Kf3 Rh3+ 50.Kf2 Rh4 51.Kf3 1/2-1/2

[Event "ch-SWE"]
[Site "Orebro SWE"]
[Date "2000.07.03"]
[Round "2"]
[White "Wedberg,T"]
[Black "Hellsten,J"]
[Result "1-0"]
[WhiteElo "2473"]
[BlackElo "2470"]
[Annotator ""]

1.e4 c5 2.Nf3 e6 3.d4 cxd4 4.Nxd4 a6 5.Bd3 Nf6 6.O-O Qc7 7.Qe2
d6 8.c4 g6 9.Nc3 Bg7 10.Rd1 O-O 11.Nf3 Nc6 12.h3 Nd7 13.Bf4 Nce5
14.Rac1 b6 15.Nxe5 Nxe5 16.Qe3 Bb7 17.Na4 Qc6 18.Nxb6 Rad8 19.Bb1
f5 20.f3 fxe4 21.Bxe4 Qc7 22.Na4 Bxe4 23.Qxe4 Qa5 24.Bxe5 Bxe5
25.b3 Qc7 26.Rc2 Qg7 27.Qe3 Qf6 28.Nc3 Bf4 29.Qe4 Be5 30.Ne2
g5 31.Rcd2 Rc8 32.Rxd6 Bxd6 33.Rxd6 Rce8 34.Rxa6 Rf7 35.Qe3 Rd7
36.Nc3 h6 37.c5 Qf5 38.Rd6 Red8 39.Qxe6+ Qxe6 40.Rxe6 Rd3 41.Ne4
Rd1+ 42.Kh2 Ra1 43.Rxh6 1-0

[Event "ch-SWE"]
[Site "Orebro SWE"]
[Date "2000.07.03"]
[Round "2"]
[White "Vernersson,P"]
[Black "Gruvaeus,C"]
[Result "1-0"]
[WhiteElo "2374"]
[BlackElo "2245"]
[Annotator ""]

1.d4 Nf6 2.c4 e6 3.Nf3 c5 4.e3 d5 5.Nc3 Nc6 6.a3 a6 7.cxd5 exd5
8.dxc5 Bxc5 9.b4 Be7 10.Bb2 O-O 11.Be2 h6 12.O-O Be6 13.Nd4 Qd6
14.Na4 Ne4 15.f3 Nf6 16.Nc5 Bc8 17.Rc1 Ne5 18.Qc2 g6 19.Ncb3
Bd7 20.Qc5 b6 21.Qxd6 Bxd6 22.h3 Rfe8 23.Kf2 h5 24.g4 hxg4 25.hxg4
Bxg4 26.fxg4 Nexg4+ 27.Kg1 Rxe3 28.Rf3 Rxf3 29.Nxf3 Bf4 30.Rc6
Ne4 31.Nbd4 b5 32.Nc2 g5 33.Nxg5 Ne5 34.Bxe5 Bxe5 35.Nf3 Bf4
36.Nfd4 Kh7 37.Bf3 Rg8+ 38.Kf1 Nd2+ 39.Ke2 Re8+ 40.Kf2 Nc4 41.Rxa6
Bg5 42.Bxd5 Bh4+ 43.Kg2 Rg8+ 44.Kh3 Bg5 45.Bxf7 1-0

[Event "ch-SWE"]
[Site "Orebro SWE"]
[Date "2000.07.04"]
[Round "3"]
[White "Agrest,E"]
[Black "Hillarp Persson,T"]
[Result "1/2-1/2"]
[WhiteElo "2554"]
[BlackElo "2549"]
[Annotator ""]

1.c4 g6 2.d4 Nf6 3.Nc3 Bg7 4.e4 d6 5.Be2 O-O 6.Bg5 Na6 7.h4 e5
8.d5 h6 9.Be3 Nc5 10.Qc2 c6 11.h5 cxd5 12.cxd5 Qa5 13.Kf1 1/2-1/2

[Event "ch-SWE"]
[Site "Orebro SWE"]
[Date "2000.07.04"]
[Round "3"]
[White "Cramling,P"]
[Black "Brynell,S"]
[Result "1/2-1/2"]
[WhiteElo "2484"]
[BlackElo "2484"]
[Annotator ""]

1.d4 e6 2.c4 Nf6 3.Nc3 Bb4 4.Qc2 O-O 5.e4 d5 6.e5 Ne4 7.Bd3 c5
8.cxd5 exd5 9.Nge2 cxd4 10.Nxd4 Nd7 11.f4 Qh4+ 12.g3 Qh3 13.Bf1
Qh5 14.Bg2 Nb6 15.O-O Bxc3 16.bxc3 Bf5 17.Bf3 Bg4 18.Bxg4 Qxg4
19.f5 f6 20.Rf4 Qh5 21.Rh4 Qe8 22.e6 Rc8 23.Rxe4 dxe4 24.Ba3
Qa4 25.Qxa4 Nxa4 26.Bxf8 Kxf8 27.Ne2 Nxc3 28.Nxc3 Rxc3 29.Rd1
g6 30.Rd8+ Ke7 31.Rd7+ Ke8 32.fxg6 hxg6 33.Kf2 Rc2+ 34.Ke3 Rxh2
35.Rxb7 Rxa2 36.Kxe4 Ra5 37.Kf4 Rf5+ 38.Kg4 a5 39.Ra7 Rb5 40.Kh3
Rc5 41.Rg7 a4 42.Rxg6 Ke7 43.Rg7+ Kxe6 44.Ra7 Rc4 45.Ra5 f5 46.Kg2
Kf6 47.Kh3 Kg5 48.Ra6 Rd4 49.Ra8 Kf6 50.Ra5 Rg4 51.Kh2 Ke6 52.Kh3
Rb4 53.Kg2 Kf6 54.Kh3 Kg5 55.Ra6 Re4 56.Ra5 Rc4 57.Ra6 f4 58.Ra5+
Kf6 59.gxf4 Rxf4 1/2-1/2

[Event "ch-SWE"]
[Site "Orebro SWE"]
[Date "2000.07.04"]
[Round "3"]
[White "Gruvaeus,C"]
[Black "Barkhagen,J"]
[Result "0-1"]
[WhiteElo "2245"]
[BlackElo "2449"]
[Annotator ""]

1.d4 c5 2.d5 e5 3.c4 d6 4.e4 Be7 5.Nf3 Nf6 6.Bd3 O-O 7.h3 Nh5
8.Nxe5 Bg5 9.Nf3 Bxc1 10.Qxc1 Qf6 11.Qc3 Qh6 12.Nbd2 a6 13.O-O-O
b5 14.e5 b4 15.Qc2 a5 16.Bf5 b3 17.axb3 Na6 18.g4 Nb4 19.Qe4
Nf4 20.Kb1 Nfd3 21.g5 Qh5 22.Bxc8 Rfxc8 23.Qe3 Nxf2 24.Ne4 Qg6
25.Rhe1 Nxd1 26.Rxd1 a4 27.Nh4 Qh5 28.Nf3 axb3 29.exd6 Ra1+ 0-1

[Event "ch-SWE"]
[Site "Orebro SWE"]
[Date "2000.07.04"]
[Round "3"]
[White "Hector,J"]
[Black "Wedberg,T"]
[Result "0-1"]
[WhiteElo "2509"]
[BlackElo "2473"]
[Annotator ""]

1.e4 e5 2.Nf3 Nc6 3.d4 exd4 4.Nxd4 Nf6 5.Nxc6 bxc6 6.e5 Qe7 7.Qe2
Nd5 8.c4 Nb6 9.Nd2 a5 10.Qe4 d5 11.cxd5 cxd5 12.Bb5+ Bd7 13.Bxd7+
Qxd7 14.Qc2 Be7 15.O-O O-O 16.f4 f6 17.Nf3 fxe5 18.Nxe5 Qd6 19.Be3
c5 20.Rad1 a4 21.Rf3 d4 22.Rh3 g6 23.Rg3 Kg7 24.Bc1 Nd7 25.Nd3
Qd5 26.b3 axb3 27.axb3 Rab8 28.Nb2 Bd6 29.Rf1 Rbe8 30.Nc4 Bc7
31.Rgf3 Nb6 32.Nb2 Bd6 33.Qd3 Re7 34.Bd2 Qf5 35.Qa6 Rb8 36.Nd3
Qc8 37.Qa1 Ra8 38.Qb2 Qf5 39.Qc1 Ra2 40.Ne5 Qc2 41.Qxc2 Rxc2
42.R1f2 Ra7 43.g3 Raa2 44.Rd3 c4 45.bxc4 Bxe5 46.fxe5 Nxc4 47.e6
Rxd2 48.e7 Ra1+ 49.Kg2 Rxf2+ 50.Kxf2 Ra2+ 51.Kf3 Ne5+ 0-1

[Event "ch-SWE"]
[Site "Orebro SWE"]
[Date "2000.07.04"]
[Round "3"]
[White "Ingbrandt,J"]
[Black "Vernersson,P"]
[Result "1/2-1/2"]
[WhiteElo "2402"]
[BlackElo "2374"]
[Annotator ""]

1.d4 d5 2.c4 e6 3.Nf3 Nf6 4.g3 Be7 5.Bg2 O-O 6.Qc2 c5 7.dxc5
Bxc5 8.cxd5 Bb4+ 9.Bd2 Bxd2+ 10.Nbxd2 Nxd5 11.O-O Nc6 12.Nc4
Qe7 13.Rfd1 b5 14.Nce5 Ncb4 15.Qd2 Bb7 16.a3 Na6 17.Nd4 Qd6 18.Nd3
Qb6 19.Nb3 Rac8 20.Rac1 Nf6 21.Qa5 Bxg2 22.Qxb6 axb6 23.Kxg2
Rc4 24.Nd2 Rcc8 25.Nb3 Rc4 26.Nd2 Rd4 27.Rc6 Rb8 28.Nf3 Rd5 29.Rdc1
Kf8 30.Rc8+ Ke7 31.Nb4 Rxc8 32.Nxd5+ Kd8 33.Rxc8+ Kxc8 34.Nxf6
gxf6 35.b4 Kd7 36.Nd4 Kd6 37.Nxb5+ Kd5 38.Na7 Nc7 39.a4 Kc4 40.Nc8
Kxb4 41.Nxb6 Ne8 42.Kh3 Ka5 43.Nd7 Kxa4 44.Kg4 Kb4 45.Kh5 Kc3
46.Kh6 Kd2 47.e4 Ke2 48.f4 Kf3 49.Kxh7 Kxe4 50.Kg8 e5 51.fxe5
fxe5 52.Kxf7 Nc7 53.Kf6 Nd5+ 54.Kg5 Kd4 55.h4 e4 56.h5 e3 57.h6
e2 58.h7 e1Q 59.h8Q+ Kd3 60.Qh7+ Ke3 61.g4 Qd2 62.Qf7 Ke4+ 63.Kg6
Nf4+ 64.Kg7 Qd4+ 65.Kh7 Qd6 66.Qf5+ Ke3 67.Qc5+ Qxc5 68.Nxc5
Kd4 69.Nd7 Nh3 70.Kg6 Nf2 1/2-1/2

[Event "ch-SWE"]
[Site "Orebro SWE"]
[Date "2000.07.05"]
[Round "4"]
[White "Agrest,E"]
[Black "Hellsten,J"]
[Result "1/2-1/2"]
[WhiteElo "2554"]
[BlackElo "2470"]
[Annotator ""]

1.Nf3 Nf6 2.c4 e6 3.Nc3 b6 4.e4 Bb7 5.Bd3 c5 6.O-O Nc6 7.Re1
Ng4 8.Be2 Qb8 9.d3 Be7 10.g3 O-O 11.h3 Nge5 12.Nxe5 Nxe5 13.Bf1
a6 14.Be3 Qc7 15.Rc1 Nc6 16.Bg2 Bf6 17.Kh2 Bd4 18.Bxd4 Nxd4 19.Ne2
Nxe2 20.Rxe2 e5 21.Qd2 1/2-1/2

[Event "ch-SWE"]
[Site "Orebro SWE"]
[Date "2000.07.05"]
[Round "4"]
[White "Barkhagen,J"]
[Black "Ingbrandt,J"]
[Result "1-0"]
[WhiteElo "2449"]
[BlackElo "2402"]
[Annotator ""]

1.d4 d5 2.c4 c6 3.Nf3 Nf6 4.Nc3 e6 5.Bg5 h6 6.Bxf6 Qxf6 7.e3
Nd7 8.Bd3 dxc4 9.Bxc4 g6 10.O-O Bg7 11.b4 O-O 12.Rc1 e5 13.d5
Nb6 14.Ne4 Qd8 15.dxc6 bxc6 16.Bb3 Ba6 17.Re1 Kh7 18.Nc5 Qxd1
19.Rexd1 Be2 20.Rd6 Rac8 21.Ne1 Rfd8 22.Nb7 Rxd6 23.Nxd6 Rc7
24.Nxf7 Rd7 25.Rxc6 e4 26.Nd6 Bd3 27.f3 Bf8 28.Nxd3 exd3 29.Ne4
Kg7 30.a3 d2 31.Nf2 Nd5 32.Nd1 Nxe3 33.Nxe3 Rd3 34.Rxg6+ Kh8
35.Rg8+ 1-0

[Event "ch-SWE"]
[Site "Orebro SWE"]
[Date "2000.07.05"]
[Round "4"]
[White "Brynell,S"]
[Black "Gruvaeus,C"]
[Result "1-0"]
[WhiteElo "2484"]
[BlackElo "2245"]
[Annotator ""]

1.e4 g6 2.d4 Bg7 3.Nf3 d6 4.Be2 Nf6 5.Nc3 O-O 6.O-O a6 7.Re1
Nc6 8.d5 Nb8 9.a4 c5 10.h3 Nbd7 11.Bf4 Rb8 12.Qd2 Nb6 13.Bf1
Na8 14.Bh6 Nc7 15.Bxg7 Kxg7 16.Rad1 b5 17.axb5 axb5 18.b4 Na6
19.bxc5 Nxc5 20.e5 Nfd7 21.Nxb5 Qb6 22.exd6 exd6 23.Qf4 Nb7 24.Nfd4
Nf6 25.Nc6 Ra8 26.Nxd6 Nxd6 27.Qxd6 Bf5 28.Rb1 1-0

[Event "ch-SWE"]
[Site "Orebro SWE"]
[Date "2000.07.05"]
[Round "4"]
[White "Vernersson,P"]
[Black "Rylander,D"]
[Result "1-0"]
[WhiteElo "2374"]
[BlackElo "2223"]
[Annotator ""]

1.d4 f5 2.c4 g6 3.g3 Nf6 4.Bg2 Bg7 5.Nc3 d6 6.d5 c6 7.Nf3 O-O
8.O-O e5 9.dxe6 Bxe6 10.Bf4 Ne8 11.c5 d5 12.Be5 Bh6 13.e3 Nd7
14.Bd4 Qe7 15.b4 b6 16.Qa4 b5 17.Qa3 Nb8 18.Qa5 Qc7 19.Qxc7 Nxc7
20.a4 bxa4 21.Rxa4 a6 22.Rfa1 Ra7 23.Be5 Bg7 24.Ne2 Rc8 25.Ned4
Bd7 26.Bf1 Rb7 27.Bxg7 Kxg7 28.Ne5 Be8 29.g4 Kf6 30.f4 Ne6 31.gxf5
Nxd4 32.exd4 gxf5 33.Be2 Rcc7 34.Kf2 a5 35.bxa5 Rb2 36.R1a2 Rb1
37.a6 Ra7 38.Bd3 Rh1 39.Kg2 Rd1 40.Rb4 Rg7+ 41.Kf2 Rh1 42.Ke3
Re1+ 43.Re2 Nxa6 44.Bxa6 Ra1 45.Rb6 Ra3+ 46.Bd3 1-0

[Event "ch-SWE"]
[Site "Orebro SWE"]
[Date "2000.07.06"]
[Round "5"]
[White "Cramling,P"]
[Black "Ernst,T"]
[Result "1/2-1/2"]
[WhiteElo "2484"]
[BlackElo "2409"]
[Annotator ""]

1.d4 Nf6 2.Nf3 g6 3.Nc3 d5 4.Bf4 Bg7 5.e3 c5 6.dxc5 O-O 7.Be2
Qa5 8.Nd2 Qxc5 9.Nb3 Qb6 10.O-O Nc6 11.Bf3 Be6 12.Na4 Qd8 13.Nac5
Bc8 14.Nd4 Qb6 15.Na4 Qa5 16.Nc3 Be6 17.Nb3 Qb6 18.a4 Na5 19.Nxa5
Qxa5 20.Nb5 Rac8 21.Be5 Nh5 22.Bxg7 Nxg7 23.c3 a6 24.Nd4 Rfd8
25.Qb3 Qc7 26.Rfd1 Rd6 27.a5 Rcd8 28.Rd2 Bc8 29.Nc2 e6 30.Qa3
Ne8 31.Rad1 R6d7 32.Qb4 Nd6 33.Na3 Nf5 34.Nc2 Nd6 35.Na3 Nf5
36.Nc2 1/2-1/2

[Event "ch-SWE"]
[Site "Orebro SWE"]
[Date "2000.07.06"]
[Round "5"]
[White "Gruvaeus,C"]
[Black "Wedberg,T"]
[Result "1/2-1/2"]
[WhiteElo "2245"]
[BlackElo "2473"]
[Annotator ""]

1.d4 Nf6 2.c4 e6 3.Nf3 c5 4.d5 d6 5.Nc3 exd5 6.cxd5 g6 7.g3 Bg7
8.Bg2 O-O 9.O-O Re8 10.Nd2 a6 11.a4 Nbd7 12.h3 Rb8 13.Nc4 Nb6
14.Na3 Bd7 15.Bf4 Nh5 16.Bc1 f5 17.a5 Nc8 18.Nc4 Bb5 19.Qb3 Bxc4
20.Qxc4 Nf6 21.e4 b5 22.axb6 Nxb6 23.Qd3 fxe4 24.Bxe4 Nfd7 25.Qc2
Ne5 26.Kh2 Ra8 27.f4 Ned7 28.Bf3 Qe7 29.Bg4 Nf8 1/2-1/2

[Event "ch-SWE"]
[Site "Orebro SWE"]
[Date "2000.07.06"]
[Round "5"]
[White "Ingbrandt,J"]
[Black "Brynell,S"]
[Result "1/2-1/2"]
[WhiteElo "2402"]
[BlackElo "2484"]
[Annotator ""]

1.d4 Nf6 2.Nf3 e6 3.g3 b5 4.Bg2 Bb7 5.O-O c5 6.Bg5 cxd4 7.Nxd4
Bxg2 8.Kxg2 a6 9.Nd2 Be7 10.c4 Qb6 11.e3 Nc6 12.Qf3 O-O 13.Nxc6
Qxc6 14.Qxc6 dxc6 15.Rac1 Rfd8 16.Bxf6 Bxf6 17.Rc2 Rd3 1/2-1/2

[Event "ch-SWE"]
[Site "Orebro SWE"]
[Date "2000.07.07"]
[Round "6"]
[White "Agrest,E"]
[Black "Cramling,P"]
[Result "1/2-1/2"]
[WhiteElo "2554"]
[BlackElo "2484"]
[Annotator ""]

1.c4 e5 2.Nc3 Nf6 3.Nf3 Nc6 4.d4 exd4 5.Nxd4 Bb4 6.Bg5 h6 7.Bh4
O-O 8.e3 Re8 9.Be2 g5 10.Bg3 Ne4 11.Rc1 Nxd4 12.Qxd4 c5 13.Qd3
d5 14.Qxd5 1/2-1/2

[Event "ch-SWE"]
[Site "Orebro SWE"]
[Date "2000.07.07"]
[Round "6"]
[White "Ernst,T"]
[Black "Gruvaeus,C"]
[Result "1-0"]
[WhiteElo "2409"]
[BlackElo "2245"]
[Annotator ""]

1.e4 c5 2.Nf3 d6 3.d4 cxd4 4.Nxd4 Nf6 5.Nc3 a6 6.Bg5 Nbd7 7.Bc4
e6 8.O-O b5 9.Bxe6 fxe6 10.Nxe6 Qb6 11.Nd5 Nxd5 12.Qxd5 Qb7 13.Nxg7+ 1-0

[Event "ch-SWE"]
[Site "Orebro SWE"]
[Date "2000.07.07"]
[Round "6"]
[White "Hillarp Persson,T"]
[Black "Vernersson,P"]
[Result "1-0"]
[WhiteElo "2549"]
[BlackElo "2374"]
[Annotator ""]

1.d4 d5 2.c4 e6 3.Nf3 Nf6 4.Nc3 c5 5.cxd5 Nxd5 6.e4 Nxc3 7.bxc3
cxd4 8.cxd4 Bb4+ 9.Bd2 Bxd2+ 10.Qxd2 O-O 11.Bc4 Nc6 12.O-O b6
13.Rad1 Bb7 14.Qf4 Qf6 15.Qg3 Rfd8 16.d5 exd5 17.Bxd5 Rd7 18.e5
Qe7 19.Qh3 Rdd8 20.e6 fxe6 21.Bxe6+ Kh8 22.Bf5 h6 23.Rde1 Qf7
24.Ng5 Qf6 25.Re6 Qxg5 26.f4 Qxf5 27.Qxf5 Nd4 28.Rxh6+ gxh6 29.Qf6+
Kg8 30.Qg6+ Kf8 31.Re1 Rd7 32.Qf6+ Kg8 33.Re7 Rxe7 34.Qxe7 Rb8
35.Qc7 Re8 36.Qxb7 Ne2+ 37.Kf2 Nxf4 38.Kf3 Ng6 39.Qxa7 Re6 40.g3
Ne7 41.Qb8+ Kf7 42.Qh8 Rc6 43.Qh7+ Kf8 44.Ke4 Rg6 45.Kd4 Ke8
46.Kc4 Kf8 47.Kb5 Rf6 48.Ka6 Ng8 49.a4 Re6 50.Qf5+ Rf6 51.Qe4
Kf7 52.Qh7+ Kf8 53.h4 Rf7 54.Qe4 Rf6 55.g4 Ne7 56.Qh7 Re6 57.Kb7
Ng8 58.Qf5+ Rf6 59.Qe4 Ne7 60.Kc7 Ke8 61.g5 hxg5 62.hxg5 Rg6
63.Qa8+ Kf7 64.Kd7 Ng8 65.Qd5+ Kf8 66.Qf5+ Kg7 67.Ke8 1-0

[Event "ch-SWE"]
[Site "Orebro SWE"]
[Date "2000.07.07"]
[Round "6"]
[White "Wedberg,T"]
[Black "Ingbrandt,J"]
[Result "1-0"]
[WhiteElo "2473"]
[BlackElo "2402"]
[Annotator ""]

1.e4 e5 2.Nf3 Nf6 3.d4 Nxe4 4.Bd3 d5 5.Nxe5 Nd7 6.O-O Nxe5 7.dxe5
Nc5 8.Be2 Be7 9.Be3 O-O 10.f4 f6 11.exf6 Rxf6 12.c4 Be6 13.cxd5
Bxd5 14.Nc3 Bc6 15.Qc2 Qf8 16.b4 Ne6 17.f5 Nd8 18.b5 Bc5 19.Qb3+
Kh8 20.Bxc5 Qxc5+ 21.Kh1 1-0

[Event "ch-SWE"]
[Site "Orebro SWE"]
[Date "2000.07.09"]
[Round "7"]
[White "Cramling,P"]
[Black "Hellsten,J"]
[Result "1/2-1/2"]
[WhiteElo "2484"]
[BlackElo "2470"]
[Annotator ""]

1.d4 Nf6 2.c4 e6 3.Nc3 Bb4 4.Qc2 O-O 5.e4 e5 6.dxe5 Ng4 7.Nf3
Nc6 8.Be2 Ngxe5 9.Nxe5 Nxe5 10.O-O Nc6 11.Be3 d6 12.Rad1 b6 13.Nd5
Bc5 14.Qc3 a5 15.Bc1 Re8 16.Qg3 Nd4 17.Bd3 Re5 18.Kh1 c6 19.Nc3
Rh5 20.Be3 Ne6 21.Be2 Bxe3 22.Bxh5 Bf4 23.Qf3 Ra7 24.g3 Be5 25.Qe3
Nc5 26.Bf3 Re7 27.Rfe1 g6 28.Bg2 a4 29.f4 Bg7 30.e5 Nb7 31.Nxa4
Bg4 32.Rd2 Qa8 33.Nxb6 Qa5 34.Qf2 Nc5 35.Rxd6 Qxb6 36.Rxc6 Qb4
37.Rxc5 Re8 38.Rc7 Rd8 39.a3 Qa5 40.b4 Qxc7 1/2-1/2

[Event "ch-SWE"]
[Site "Orebro SWE"]
[Date "2000.07.09"]
[Round "7"]
[White "Gruvaeus,C"]
[Black "Agrest,E"]
[Result "0-1"]
[WhiteElo "2245"]
[BlackElo "2554"]
[Annotator ""]

1.d4 Nf6 2.c4 e6 3.Nf3 b6 4.g3 Ba6 5.Nbd2 Bb4 6.Qc2 Bb7 7.Bg2
Be4 8.Qd1 Bxd2+ 9.Qxd2 a5 10.O-O O-O 11.b3 d6 12.Bb2 Nbd7 13.Rfd1
Qb8 14.Ne1 Bxg2 15.Nxg2 b5 16.f3 Qb6 17.Rac1 bxc4 18.Rxc4 Rfb8
19.Rdc1 Ne8 20.R1c2 Qb5 21.e4 a4 22.b4 a3 23.Bc1 Ra4 24.Ne3 Nb6
25.R4c3 Qxb4 26.d5 Rba8 27.Rb3 Qxd2 28.Rxd2 Nd7 29.Rc2 Nc5 30.Rbc3
Kf8 31.dxe6 Nxe6 32.Rd2 Nd4 33.Nd5 R8a6 34.Kf2 c6 35.Ne3 Nb5
36.Rc4 Ke7 37.Rdc2 Kd7 38.Rxa4 Rxa4 39.Rc4 Ra6 40.Ke2 Nec7 41.h4
d5 42.exd5 cxd5 43.Rf4 f6 44.Kd3 Rc6 45.Bd2 d4 46.Nc4 Ne6 47.Rf5
Nc5+ 48.Kc2 g6 49.Rf4 Ne6 0-1

[Event "ch-SWE"]
[Site "Orebro SWE"]
[Date "2000.07.09"]
[Round "7"]
[White "Ingbrandt,J"]
[Black "Ernst,T"]
[Result "1/2-1/2"]
[WhiteElo "2402"]
[BlackElo "2409"]
[Annotator ""]

1.d4 Nf6 2.Nf3 g6 3.Bg5 Bg7 4.Nbd2 O-O 5.c3 d6 6.e4 Nbd7 7.Bc4
e5 8.dxe5 dxe5 9.O-O h6 10.Bh4 Qe7 11.Re1 Nb6 12.Bb3 Bd7 13.a4
Bc6 14.Bxf6 Bxf6 15.a5 Nd7 16.Bd5 Bxd5 17.exd5 Nc5 18.Qe2 Rfe8
19.b4 Nd7 20.Qb5 Rab8 21.Rad1 Bg7 22.Ne4 Red8 23.a6 f5 24.d6
cxd6 25.Nxd6 bxa6 26.Qd5+ Kh7 27.Qf7 Qf6 28.Qxf6 Nxf6 29.Nxe5
Rb6 30.Ndc4 1/2-1/2

[Event "ch-SWE"]
[Site "Orebro SWE"]
[Date "2000.07.09"]
[Round "7"]
[White "Rylander,D"]
[Black "Wedberg,T"]
[Result "1-0"]
[WhiteElo "2223"]
[BlackElo "2473"]
[Annotator ""]

1.d4 Nf6 2.c4 e6 3.Nf3 c5 4.d5 d6 5.Nc3 exd5 6.cxd5 g6 7.g3 Bg7
8.Bg2 O-O 9.O-O Na6 10.h3 Re8 11.Re1 Ne4 12.Nxe4 Rxe4 13.Qc2
Re8 14.Bg5 Qd7 15.e4 b5 16.Bf4 Bb7 17.Rad1 c4 18.Bf1 Rac8 19.Nd4
Nb4 20.Qc3 Nd3 21.Bxd3 cxd3 22.Qxd3 Rc4 23.Be3 a6 24.b3 Rc7 25.Kg2
h5 26.f3 Rec8 27.Rc1 Rxc1 28.Rxc1 Rxc1 29.Bxc1 Qc7 30.Qc2 Qd7
31.Be3 Qe8 32.Qc7 Bxd5 33.Qxd6 Bb7 34.Ne2 f5 35.Qb6 Qd7 36.exf5
gxf5 37.Nf4 Bc6 38.Qxa6 Be5 39.Qb6 Qe8 40.Qc5 Bxf4 41.gxf4 Qg6+
42.Kf2 h4 43.Ke1 Qg3+ 44.Bf2 Qxf3 45.Qxf5 Be4 46.Qe6+ Kh7 47.Qf7+
Kh6 48.Qf6+ Bg6 49.Qh8+ Bh7 50.Qf6+ Bg6 51.Qh8+ Bh7 52.Qf8+ Kg6
53.f5+ Qxf5 54.Qxf5+ Kxf5 55.Bxh4 Ke6 56.Bf2 Bb1 57.Kd2 Kd5 58.Kc3
Bg6 59.Kb4 Be8 60.h4 Kc6 61.a4 bxa4 62.Kxa4 Bh5 63.b4 Bd1+ 64.Ka5
Be2 65.Be3 Bf3 66.b5+ Kc7 67.b6+ Kb8 68.Kb5 Kc8 69.Bf4 Kb7 70.Kc5
Kc8 71.Kd6 Kd8 72.h5 1-0